LDR 01577nam a2200229 i 4500 001 000000028132 003 CaOOAMICUS 005 20260526142315.0 008 180830s19101914it u000 u ita u 040 $aSeMil$bita 100 1 $aManzoni, Cesare,$d<1865-1950>.$0(OLS)http://semarc/name/12848 245 10$aCompendium theologiae dogmaticae :$be Praecipuis scholasticis antiquis et modernis redactum /$cauctore Caesare Manzoni. 260 $aAugustae Taurinorum :$bEx libraria a SS. Corde Jesu,$c1910-1914. 300 $a4 v. ;$c25 cm. 650 4$aTeologia dogmatica - Manuali.$0(OLS)http://semarc/subject/4 774 0 $aManzoni, Cesare <1865-1950>$tDe religione ; De Ecclesia ; De fontibus revelationis.$dAugustae Taurinorum : Ex libraria a SS. Corde Jesu, 1914.$bEditio 3.$g1$w()62511 774 0 $aManzoni, Cesare <1865-1950>$t2: De Deo uno, trino, creante, elevante.$dAugustae Taurinorum : Ex libraria a SS. Corde Jesu, 1910.$bEditio altera aucta et emendata.$g2$w()219025 774 0 $aManzoni, Cesare <1865-1950>$t3: De Verbo incarnato ; De B. V. Maria. De gratia.$dAugustae Taurinorum : Ex libraria a SS. Corde Jesu, 1911.$g3$w()219032 774 0 $aManzoni, Cesare <1865-1950>$t4: De sacramentis et de novissimis.$dAugustae Taurinorum : Ex libraria a SS. Corde Jesu, 1912.$g4$w()219036 996 $6245$aCompendium theologiae dogmaticae :$be Praecipuis scholasticis antiquis et modernis redactum$9(OLS)http://semarc/title/38160 996 $6260$aAugustae Taurinorum :$bEx libraria a SS. Corde Jesu$9(OLS)http://semarc/publisher/37629